Prace zespolu naukowo-badawczego demografii i zatrudnienia
Enregistré dans:
| Autres auteurs: | |
|---|---|
| Format: | Livre |
| Langue: | polonais anglais |
| Publié: |
Lódz
Wydawnictwo Uniwersytetu Lódzkiego
1990
|
| Édition: | 1. wyd. |
| Collection: | Folia Oeconomica
100 |
| Sujets: | |
| Tags: |
Pas de tags, Soyez le premier à ajouter un tag!
|
MARC
| LEADER | 00000nam a2200000 4500 | ||
|---|---|---|---|
| 001 | c014141 | ||
| 005 | 20230315135024.4 | ||
| 041 | 0 | |a pol | |
| 041 | 0 | |a eng | |
| 044 | |a PL | ||
| 245 | 1 | 0 | |a Prace zespolu naukowo-badawczego demografii i zatrudnienia |c Edit. Halina Mortimer-Szymczak |
| 250 | |a 1. wyd. | ||
| 264 | 1 | |a Lódz |b Wydawnictwo Uniwersytetu Lódzkiego |c 1990 | |
| 300 | |a 158 s. | ||
| 490 | 1 | |a Folia Oeconomica |v 100 | |
| 830 | 0 | |a Folia Oeconomica |v 100 | |
| 610 | 2 | 0 | |a demografia |
| 610 | 2 | 0 | |a práca |
| 610 | 2 | 0 | |a zamestnanosť |
| 610 | 2 | 0 | |a Československo |
| 610 | 2 | 0 | |a Poľsko |
| 610 | 2 | 0 | |a Veľká Británia |
| 700 | 1 | |a Mortimer-Szymczak, Halina | |